Les 15 pays ou il y'a les plus beaux hommes du monde - Statistiques

Statistiques générales
  • Ce quiz a été pris 688 fois
    242 depuis la dernière actualisation
  • Le résultat moyen est 5 sur 14
Statistiques - réponses
TOP Pays % Correct
14 France
94%
8 Espagne
84%
1 Brésil
69%
7 Chine
59%
13 Turquie
36%
6 Inde
35%
9 Suède
34%
4 Venezuela
24%
3 Liban
21%
2 Viêtnam
20%
10 Afrique du Sud
17%
5 Philippines
17%
12 République Tchèque
6%
11 Birmanie
4%
Aucun quiz correspondant
Distribution des résultats
% des personnes avec chaque résultat
Percentile par nombre de réponses
Votre historique - résultats
Vous n’avez pas pris ce quiz depuis la dernière actualisation